Responses for show #4936 - Monday, February 13, 2006

2006 Teen Tournament semifinal game 1.

Contestants

[<< previous game]

Sebastian Johnson, a senior from Takoma Park, Maryland

Camille Bullock, a senior from New Orleans, Louisiana

Matt Klein, a senior from Pittsford, New York

[next game >>]

Jeopardy! Round responses

TEACHER'S PET
MUSIC VIDEOS
HOW DO YOU...
TELL 'EM WHAT THEY'VE WON, JOHNNY
PIZZA TOPPINGS
ALLITERATION STATION
    $200 1
obedience class

Matt
    $200 6
Ashlee Simpson

Matt
    $200 11
work a Slinky (a Slinky accepted)

Camille
    $200 21
the Nobel Prizes

Camille
    $200 16
pepperoni

Camille
    $200 26
Peter Piper

Camille
    $400 2
fleas

Camille
    $400 7
Eminem

Sebastian
    $400 12
make ice cream

Camille
    $400 22
the Grammys

Sebastian
    $400 17
pineapple

Sebastian
    $400 27
a double date

Sebastian
    $600 3
plaque

Sebastian
    $600 8
"It's My Life"

Triple Stumper
    $600 13
shuck corn

Matt
    $600 23
War

Sebastian
    $600 18
tomatoes

Camille
    $1,000 28
tee time

Sebastian
    $800 4
(Alex: [Introducing the clue] Who is this masked dog?)

epidermis

Sebastian
    $800 9
Brandy

Matt
    $800 14
call the president of France

Camille
    $800 24
(Alex: That beautiful, big trophy goes to the winner of the [*].)

the Indy 500

Triple Stumper
    $800 19
Anchovies

Camille
    $800 29
the black box

Camille
    $1000 5
the cardiovascular system

Matt
    $1000 10
(Sebastian: Who is Ciara?)

JoJo

Sebastian
Triple Stumper
    $1000 15
draw a circle

Camille
    $1000 25
Pulitzer

Camille
    $1000 20
mushrooms

Matt
    $1000 30
The Great Gatsby

Camille

Scores at the first commercial break (after clue 15):

Matt Camille Sebastian
$2,800 $2,800 $800

Scores at the end of the Jeopardy! Round:

Matt Camille Sebastian
$3,800 $7,600 $3,600

Double Jeopardy! Round responses

WOMEN ON U.S. STAMPS
MOVIE TITLE TRANSLATIONS
NATIONAL INVENTORS HALL OF FAME
JULIUS CAESAR
(Alex: In honor of Valentine's Day, we have some...)
LOVE POETRY
WORDS IN (THE) ENCYCLOPEDIA
(Alex: Each correct response will be a word that can be made up of letters that you find in the word "encyclopedia".)
    $400 12
Martha Washington

Camille
    $400 2
Babe

Matt
    $400 7
George Washington Carver

Camille
    $400 1
Cleopatra

Matt
    $400 21
I love you; you love me

Sebastian
    $400 26
Eden

Camille
    $800 13
Betsy Ross

Matt
    $800 3
(Sebastian: Who are Men in Black...?)
(Alex: No.)
(Sebastian: ...2?)

Tommy Lee Jones & Will Smith

MattSebastian
    $800 8
Edison

Matt
    $800 17
(Camille: What is the law?)

suspicion

Camille
Triple Stumper
    $800 22
time

Matt
    $800 27
leap

Sebastian
    $1200 14
Sacagawea

Camille
    $1200 4
Charlie's Angels

Matt
    $1200 11
Walt Disney

Triple Stumper
    $3,000 18
(Camille: What is Majorica?)
(Alex: No. You've heard of the Colossus of [*], I'm sure, and that's what the reference was in the clue.)

Rhodes

Camille
    $1200 23
(Camille: What is...?)

wool

CamilleSebastian
    $1200 28
pelican

Matt
    $1600 15
Pocahontas

Matt
    $1600 5
Daddy Day Care

Camille
    $3,000 10
(Samuel) Morse

Matt
    $1600 19
Veni, vidi, vici (I came, I saw, I conquered)

Matt
    $1600 24
the violet

Matt
    $1600 29
decoy

Sebastian
    $2000 16
Amelia Earhart

Camille
    $2000 6
Big Fish

Camille
    $2000 9
(Camille: Who is Marie Curie?)

(Louis) Pasteur

MattCamille
    $2000 20
Brutus

Camille
    $2000 25
Rabbie Burns

Triple Stumper
    $2000 30
(Camille: What is a twin?)

clone

MattCamille

Scores at the end of the Double Jeopardy! Round:

Matt Camille Sebastian
$22,000 $8,600 $6,800
(lock game)

[wagering suggestions for these scores]

Final Jeopardy! Round responses

THE 50 STATES
(Alex: Primarily because of its major city.)
...
(Alex: [To Camille] Virginia was earlier.)

[Matt's parents]
[blooper reel]
SebastianWhat is New York?
$6,799
CamilleWhat is Virginia?
$1,400
MattWhat is Virginia?
$0
New York

Final scores:

Matt Camille Sebastian
$22,000 $7,200 $13,599
Finalist 3rd place: $10,000 2nd place: $10,000

Game dynamics:

Coryat scores:

Matt Camille Sebastian
$20,600 $11,600 $6,400
20 R
(including 1 DD),
0 W
21 R,
5 W
(including 1 DD)
12 R
(including 1 DD),
2 W

Combined Coryat: $38,600

The J! Archive is created by fans, for fans. The Jeopardy! game show and all elements thereof, including but not limited to copyright and trademark thereto, are the property of Jeopardy Productions, Inc. and are protected under law. This website is not affiliated with, sponsored by, or operated by Jeopardy Productions, Inc. Join the discussion at JBoard.tv.